000 00572nam a2200205Ia 4500
005 20250326144411.0
008 250326s9999 xx 000 0 und d
037 _aTextbook
040 _aFMSL
_beng
_cFMSL
041 _aeng
_2eng
084 _aX:321(SNI) P9
_qFMSL
100 _aSolomon M R
_9741387
245 0 _aConsumer behavior : buying, having and being
_cSolomon M R
250 _a8
260 _aNew Delhi
_bNew Delhi, PHI Learning
_c2009
365 _b495
650 _aMarketing
942 _cTB
_hX:321(SNI) P9
999 _c1303570
_d1303570